Impressions of beauty (Record no. 1100469)

MARC details
000 -LEADER
fixed length control field 00801nam a2200277Ia 4500
003 - CONTROL NUMBER IDENTIFIER
control field OSt
005 - DATE AND TIME OF LATEST TRANSACTION
control field 20221006153445.0
008 - FIXED-LENGTH DATA ELEMENTS--GENERAL INFORMATION
fixed length control field 221006b |||||||| |||| 00| 0 chi d
020 ## - INTERNATIONAL STANDARD BOOK NUMBER
International Standard Book Number 9570111062
037 ## - SOURCE OF ACQUISITION
Terms of availability Textual
040 ## - CATALOGING SOURCE
Original cataloging agency EASL
Transcribing agency EASL
Language of cataloging chi
041 ## - LANGUAGE CODE
Source of code chi
Language code of text/sound track or separate title chi
100 ## - MAIN ENTRY--PERSONAL NAME
Personal name Chen Cheng-Po Au.
9 (RLIN) 664061
245 #0 - TITLE STATEMENT
Title Impressions of beauty
Remainder of title Contemporary painters of Taiwan
250 ## - EDITION STATEMENT
Edition statement 1st ed.
260 ## - PUBLICATION, DISTRIBUTION, ETC.
Place of publication, distribution, etc. Taiwan
Name of publisher, distributor, etc. Council for Cultural Affairs
Date of publication, distribution, etc. 2002
300 ## - PHYSICAL DESCRIPTION
Extent 170p.
Dimensions cm.
490 ## - SERIES STATEMENT
Volume/sequential designation KEL
650 ## - SUBJECT ADDED ENTRY--TOPICAL TERM
Topical term or geographic name entry element Korea-Paintings
9 (RLIN) 664062
942 ## - ADDED ENTRY ELEMENTS (KOHA)
Classification part NQ4295, P2
Koha item type Textual
Source of classification or shelving scheme Colon Classification (CC)
Holdings
Withdrawn status Lost status Source of classification or shelving scheme Damaged status Not for loan Home library Current library Date acquired Source of acquisition Serial Enumeration / chronology Total Checkouts Full call number Barcode Date last seen Price effective from Koha item type
    Colon Classification (CC)     Department of East Asian Studies Library Department of East Asian Studies Library 2022-10-06 Gift, Republic of China KEL   NQ4295 P2 EA1393121 2022-10-06 2022-10-06 Textual
Copyright @ Delhi University Library System